000 00518nam a2200193 a 4500
001 1770285653465
003 YourLibrary
005 20260205153745.0
008 260205s2007##################000#0#eng##
020 _a9781427754707
082 0 4 _a333.330688LEE
100 1 _aLee, Michael,
_eauthor.
245 1 0 _a111 Ways to Justify Your Commission :
260 _bKaplan Publishing,
_c2007.
300 _a240 pages
650 0 _aBusiness & Economics.
942 _cENGLISH
040 _aYourLibrary
_beng
_cYourLibrary
999 _c610529
_d610529